000 00477nam a2200181Ia 4500
001 10264
005 20260306161819.0
008 260306t1974||||xx |||||||||||||| ||spa||
041 _aESP
082 _a910.45
_bB96
100 _aBusto Duthurburu, José Antonio del
_eAUT
245 0 _aHistoria de los descubrimientos geográficos:
_b(siglos V al XV)
260 _c1974
300 _a302 páginas :
_c21 cm.
650 _aGEN
654 _aCHU
942 _cLIB
_dJUS
_fJUS
_2ddc
_n
999 _c10264
_d10264